Geography Trivia Quiz Stats

 Plays Quiz not verified by Sporcle

Challenge
Share
Tweet
Embed
Score 0/38 Timer 08:00
2 Plays Today
Hint Answer % Correct
Estonia, Latvia, and Lithuania all used to be a part of what country?USSR
91.9%
What is the smallest country in the world?Vatican City
90%
What country only borders Russia and China?Mongolia
85.6%
Lesotho is a landlocked country within what other country?South Africa
85.2%
The United Kingdom consists of Northern Ireland, Scotland, England and what?Wales
78.1%
What U.S. state contains Death Valley?California
74.3%
What is the largest city of the world in terms of population?Tokyo
71.2%
What's the name of the sea between Europe and Africa?Mediterranean
68.6%
Norway, Sweden, and Finland makes up what part of Europe?Scandinavia
68.3%
Mt Kilimanjaro is located in what country?Tanzania
66.1%
Toronto is located in which Canadian territory?Ontario
65.2%
What river separates much of the U.S. and Mexico?The Rio Grande
65%
What two countries have the longest, unguarded border in the world?U.S. Canada
61.4%
The Canary Islands are claimed by what country?Spain
61%
What is the name of the Australian territory that is an island?Tasmania
60.8%
What is the strait called between Spain and Morocco?Strait of Gibraltar
60.2%
What country is Tibet in?China
59.6%
Spain and Portugal are a part of what peninsula?Iberian Peninsula
57.9%
The Galapagos Islands are a part of what country?Ecuador
56.2%
Hint Answer % Correct
What was the capital of Brazil before Brasilia?Rio de Janeiro
53%
Kuwait borders what gulf?Persian Gulf
52.9%
How many countries make up oceania?14
49.9%
Piemonte is a region of what country?Italy
46.4%
What Canadian province is in between Alberta and Manitoba?Saskatchewan
44.8%
How many states are in Mexico(including the capital)?32
43.1%
How many countries are there in the world?195
40.7%
Somalia, Djibouti, and Eritrea are all in a part of Africa commonly referred to as?The Horn of Africa
40.3%
Bandar Seri Begawan is the capital of what country?Brunei
38.3%
What country borders Senegal and Guinea?Guinea-bissau
37%
The azores are located in what body of water?Atlantic Ocean
33%
What is the largest lake in the world?Caspian Sea
29.2%
What is the tenth largest country of the world, in terms of size?Sudan
28.1%
What U.S. State is Bozeman In?Montana
26.5%
What is the deepest lake in the world?Lake Baikal
18.9%
Gunma is a prefecture in which country?Japan
18.1%
What is the capital of the Solomon Islands?Honiara
17.3%
Warsaw is located on the banks of what river?The Vistula
8.2%
Ebolowa is a city in what African country?Cameroon
5.8%

You're not logged in!

Compare scores with friends on all Sporcle quizzes.
Join for Free
OR
Log In

You Might Also Like...

Show Comments

Extras

Created Nov 5, 2009SourceReportNominate

Top Quizzes Today


Score Distribution

Your Account Isn't Verified!

In order to create a playlist on Sporcle, you need to verify the email address you used during registration. Go to your Sporcle Settings to finish the process.

Report this User

Report this user for behavior that violates our Community Guidelines.

Details: